| 000 | 00377nam a22001337a 4500 | ||
|---|---|---|---|
| 020 | _a9780023671715 | ||
| 040 | _cNust | ||
| 082 |
_a621.395 _bLAL |
||
| 100 |
_aParag K.Lala _9127113 |
||
| 245 | _aPractical digital logic design and testing | ||
| 260 |
_aNew Jersey: _bPrentice Hall, _c1996. |
||
| 650 |
_aPractical digital logic design and testing _9127114 |
||
| 942 |
_2ddc _cBK |
||
| 999 |
_c612400 _d612400 |
||